Städte Niedersachsens - Sudden Death - Statistiken

Allgemein
  • Dieses Quiz wurde 839 mal gespielt
  • Das Durchschnittsergebnis liegt bei 14 aus 25
Answers on the Grid
Answers color-coded by a green-red scale on the quiz's grid according to % correct below.
Braunschweig
Lüneburg
Stendal
Delmenhorst
Wolfenbüttel
Cottbus
Nordhorn
Salzwedel
Langenhagen
Wilhelmshaven
Peine
Neumünster
Lingen (Ems)
Osnabrück
Cuxhaven
Hannover
Elmshorn
Kassel
Tübingen
Celle
Straubing
Wesel
Göttingen
Unna
Emden
Goslar
Wolfsburg
Salzgitter
Rostock
Fulda
Neustadt an der Weinstraße
Neustadt am Rübenberge
Homburg
Melle
Oldenburg (Oldb)
Hameln
Garbsen
Stade
Pirna
Hildesheim
 
Antwortstatistiken
Antwort % Korrekt
Braunschweig
96%
Lüneburg
79%
Hannover
72%
Delmenhorst
70%
Osnabrück
66%
Wolfenbüttel
62%
Wolfsburg
62%
Celle
60%
Göttingen
58%
Hildesheim
58%
Salzgitter
58%
Emden
57%
Wilhelmshaven
56%
Cuxhaven
54%
Oldenburg (Oldb)
54%
Hameln
50%
Peine
49%
Lingen (Ems)
48%
Nordhorn
47%
Goslar
44%
Langenhagen
44%
Stade
44%
Garbsen
43%
Melle
33%
Neustadt am Rübenberge
32%
Keine übereinstimmenden Quizze gefunden
Verteilung der Resultate
Anzahl Personen mit jedem Resultat
Perzentil nach korrekt beantworteten Fragen
Ihre Resultats-Entwicklung
Sie haben dieses Quiz noch nicht gespielt